How Many Films From The 1980s can you name - Statistics

General Stats
  • This quiz has been taken 44 times
  • The average score is 23 of 100
Answer Stats
Director or Cast Member Year Answer % Correct
Robert Zemecks 1985 Back To The Future
77%
Ivan Reitman 1984 Ghostbusters
63%
Wes Craven 1984 A Nightmare On Elm Street
60%
Steven Speilberg 1984 Indiana Jones And The Temple Of Doom
57%
Oliver Stone 1986 Platoon
57%
Paul Hogan 1986 Crocodile Dundee
53%
Sylvester Stallone 1985 Rocky IV
53%
Stanley Kubrick 1980 The Shining
53%
John Hughes 1985 The Breakfast Club
50%
Richard Donner 1985 The Goonies
50%
James Cameron 1984 The Terminator
50%
James Cameron 1986 Aliens
47%
Sylvester Stallone 1982 Rocky III
47%
Brian De Palma 1983 Scarface
47%
Tony Scott 1986 Top Gun
47%
Adrian Lyne 1987 Fatal Attraction
43%
Stanley Kubrick 1987 Full Metal Jacket
43%
Joe Dante 1984 Gremlins
43%
Bob Kane 1989 Batman
40%
Ted Kotcheff 1982 First Blood
40%
Barry Levinson 1988 Rain Man
40%
David & Jerry Zucker 1980 Airplane
37%
Milos Forman 1984 Amadeus
37%
Emile Ardolino 1987 Dirty Dancing
37%
John Hughes 1986 Ferris Buellers Day Off
37%
Penny Marshall 1988 Big
33%
Ridley Scott 1982 Blade Runner
33%
Peter Weir 1989 Dead Poets Society
33%
Ivan Reitman 1989 Ghostbusters II
33%
Sydney Pollack 1985 Out Of Africa
33%
Martin Scorsse 1980 Raging Bull
33%
John Carpenter 1982 The Thing
33%
Martin Brest 1984 Beverly Hills Cop
30%
Ivan Reitman 1981 Stripes
30%
Steven Spielberg 1985 The Color Purple
30%
John Musker; Ron Clements 1989 The Little Mermaid
30%
Tobe Hooper 1982 The Poltergeist
30%
Sergio Leone; Robert D Niro 1984 Once Upon A Time In America
27%
John G. Avildsen 1984 The Karate Kid
27%
Adrian Lyne 1983 Flashdance
23%
Herbert Ross 1984 Footloose
23%
Richard Donner 1987 Lethal Weapon
23%
Richard Lester 1981 Superman II
23%
James L. Brooks 1983 Terms Of Endearment
23%
Rob Reiner 1987 The Princess Bride
23%
Robert Zemeckis 1988 Who Framed Roger Rabbit
23%
John Mcteirnan 1988 Die Hard
20%
Steven Speilberg 1982 E.T: Extra Terrestrial
20%
Richard Marquand 1983 Star Wars: Return Of The Jedi
20%
Irvine Kershner 1980 Star Wars: The Empire Strikes Back
20%
Oliver Stone 1989 Born On The Fourth Of July
17%
Hugh Hudson 1981 Chariots Of Fire
17%
Tom Benedek 1985 Cocoon
17%
Mitch Markowitz 1987 Good Morning, Vietnam
17%
George Scribner 1988 Oliver And Company
17%
Ron Howard 1984 Splash
17%
David Cronenebourg 1986 The Fly
17%
Don Bluth 1988 The Land Before Time
17%
Brian De Palma 1987 The Untouchables
17%
Peter Weir 1985 Witness
17%
Walter Hill 1982 48 hrs
13%
Don Bluth 1986 An American Tale
13%
John Landis 1981 An American Werewolf In London
13%
Sean S. Cunningham 1980 Friday The Thirteenth
13%
Norman Jewison 1987 Moonstruck
13%
Mark Rydell 1981 On Golden Pond
13%
Hugh Wilson 1984 Police Academy
13%
Hal Needham 1981 The Cannonball Run
13%
Ivan Reitman 1988 Twins
13%
Collin Higgins 1980 9 to 5
10%
John Huston 1982 Annie
10%
Giuseppe Tornatore 1988 Cinema Paradiso
10%
Joe Johnston 1989 Honey, I Shrunk The Kids
10%
Amy Heckerling 1989 Look Who's Talking
10%
Micheal Ritchie 1986 The Golden Child
10%
George Miller 1987 The Witches Of Eastwik
10%
Ruggero Deodato 1980 Cannibal Holocaust
7%
Steven Spielberg 1981 Indiana Jones & The Raiders Of The Lost Ark
7%
David Zucker 1986 Ruthless People
7%
Chevy Chase 1985 Spies Like Us
7%
John Musker 1986 The Great Mouse Detective
7%
Martin Scorsese 1988 The Last Temptation Of Christ
7%
Wolfgang Peterson 1984 The Neverending Story
7%
Leonard Nimoy 1987 Three Man And A Baby
7%
Terry Gilliam 1981 Time Bandit
7%
Micheal Apted 1980 Coal Miner's Daughter
3%
Steven Speilberg 1989 Indiana Jones & Last Crusade
3%
Bob Clark 1982 Porky's
3%
Harve Bennett 1984 Star Trek III: The Search For Spock
3%
Nicholas Meyer 1982 Star Trek II: The Wrath Of Khan
3%
John Badham 1987 Steakout
3%
Jerry Rees 1987 The Brave Little Toaster
3%
Ted Berman 1981 The Fox And The Hound
3%
Micheal Douglas 1985 The Jewel Of The Nile
3%
Steve Gordon 1981 Arthur
0%
Albert R. Broccoli 1981 For Eyes Only
0%
Isao Takahata 1988 Grave Of The Fireflies
0%
Clive A. Smith 1987 Rock & Rule
0%
Ross Bagadastrian Jr. 1987 The Chipmunk Adventure
0%
Sydney Pollack 1982 Tootise
0%
No matching quizzes found
Score Distribution
Percent of People with Each Score
Percentile by Number Answered
Your Score History
You have not taken this quiz